000 02319cam a2200397 i 4500
001 19855954
003 NUST
005 20240217170804.0
008 170731r20171915nyu 001 0 eng
010 _a 2017035893
020 _a9781945186486
038 _aazhar
040 _aDLC
_beng
_cDLC
_erda
_dDLC
042 _apcc
050 0 0 _aPN4121
_b.C248 2017
082 0 0 _a808.51
_223
_bCAR
084 _aSEL021000
_aSEL031000
_2bisacsh
100 1 _aCarnegie, Dale,
_d1888-1955,
_eauthor.
_985974
245 1 4 _aThe art of public speaking : the original tool for improving public oration/
_cDale Carnegie,
260 _aNew York:
_bClydesdale press;
_c2018.
300 _a444 pages ;
_c22 cm
336 _atext
_btxt
_2rdacontent
337 _aunmediated
_bn
_2rdamedia
338 _avolume
_bnc
_2rdacarrier
500 _aIncludes index.
520 _a"A pioneer in the field of self-help, Dale Carnegie distilled his experiences as a salesman and lecturer in his first guide to successful speech-making, The Art of Public Speaking. This predecessor to his bestseller, How to Win Friends and Influence People, was co-written with J. B. Esenwein. Its direct, practical advice for emphasizing ideas for easy comprehension and high impact ranges from finding an appropriate rhythm to conquering stage fright. Avoiding the use of tricks and shortcuts, the authors suggest methods for developing one's thoughts in order to form an original, authentic manner of speaking. They advise speakers to practice their presentation skills, offering useful tips for speech-making in both personal and professional situations. First published in 1915, this classic continues to encourage people from all walks of life to overcome their self-consciousness and increase their effectiveness and comfort as public speakers"--
_cProvided by publisher.
563 _aPB
650 0 _aPublic speaking.
_930004
650 0 _aOratory.
650 7 _aSELF-HELP / Motivational & Inspirational.
_2bisacsh
_9120673
650 7 _aSELF-HELP / Personal Growth / General.
_2bisacsh
_9120674
700 1 _aEsenwein, J. Berg
_q(Joseph Berg),
_d1867-1946,
_eauthor.
_9120675
906 _a7
_bcbc
_corignew
_d1
_eecip
_f20
_gy-gencatlg
942 _2ddc
_cBK
999 _c607835
_d607835